Un mundo unipolar y las amenazas para la paz mundial

Guardado en:
書目詳細資料
主要作者: Alarcón de Quesada, Ricardo
格式: Texto
標簽: 添加標簽
沒有標簽, 成為第一個標記此記錄!

MARC

LEADER 00000 a a2200000 04500
001 29197
003
040
090 |a 190800  
100 |a Alarcón de Quesada, Ricardo  
245 |a Un mundo unipolar y las amenazas para la paz mundial  
300 |a 27 p.  
999 |c 12768  |d 12768